Catálogo público

El cultivo del girasol / (Record no. 207930)

MARC details
000 -CABECERA
campo de control de longitud fija 00831nam a2200301Ia 4500
001 - NÚMERO DE CONTROL
campo de control Para_9327
003 - IDENTIFICADOR DEL NÚMERO DE CONTROL
campo de control CHAP
008 - DATOS DE LONGITUD FIJA--INFORMACIÓN GENERAL
campo de control de longitud fija 220125s1990 xx 000 0 und d
010 ## - NÚMERO DE CONTROL DE LA BIBLIOTECA DEL CONGRESO
Número de control de LC 207930
040 ## - FUENTE DE LA CATALOGACIÓN
Centro/agencia transcriptor CHAP
082 ## - NÚMERO DE LA CLASIFICACIÓN DECIMAL DEWEY
Número de clasificación 583.55 O7
100 ## - ENTRADA PRINCIPAL--NOMBRE DE PERSONA
Nombre de persona Alba Ordoñez, Alfonso
9 (RLIN) 3420
245 ## - MENCIÓN DE TÍTULO
Título El cultivo del girasol /
Mención de responsabilidad, etc. por Alfonso Alba Ordoñez y Manuel LLanos Company
260 ## - PUBLICACIÓN, DISTRIBUCIÓN, ETC.
Lugar de publicación, distribución, etc. Madrid :
Nombre del editor, distribuidor, etc. Mundi Prensa
300 ## - DESCRIPCIÓN FÍSICA
Extensión 158 p.
503 ## - NOTA DE HISTORIA BIBLIOGRÁFICA (BK CF MU) [OBSOLETO]
Nota de historia bibliográfica C/e (ej.1)
650 ## - PUNTO DE ACCESO ADICIONAL DE MATERIA--TÉRMINO DE MATERIA
Término de materia o nombre geográfico como elemento de entrada Girasol
Subdivisión general enfermedades
9 (RLIN) 48142
650 ## - PUNTO DE ACCESO ADICIONAL DE MATERIA--TÉRMINO DE MATERIA
Término de materia o nombre geográfico como elemento de entrada Girasol
Subdivisión general plagas
9 (RLIN) 48168
650 ## - PUNTO DE ACCESO ADICIONAL DE MATERIA--TÉRMINO DE MATERIA
Término de materia o nombre geográfico como elemento de entrada Girasol
Subdivisión general variedades
9 (RLIN) 48186
700 ## - PUNTO DE ACCESO ADICIONAL--NOMBRE DE PERSONA
Nombre de persona Llanos Company, Manuel
9 (RLIN) 67264
901 ## - ELEMENTOS DE DATOS A LOCAL LDA (RLIN)
a 583.55 O7
902 ## - ELEMENTOS DE DATOS B LOCAL, LDB (RLIN)
a M
905 ## - ELEMENTOS DE DATOS E LOCAL, LDE (RLIN)
a 0000001990 amn 0000000000 00
910 ## - DATOS DE OPCIÓN DEL USUARIO (OCLC)
Datos de opción del usuario 1990
942 ## - ELEMENTOS DE PUNTO DE ACCESO ADICIONAL (KOHA)
Tipo de ítem Koha Parasitologia_
942 ## - ELEMENTOS DE PUNTO DE ACCESO ADICIONAL (KOHA)
Tipo de ítem Koha Parasitologia_
-- 1
Holdings
Estado de retiro Estado de pérdida Fuente del sistema de clasificación o colocación Estado dañado Restricciones de uso No para préstamo Código de colección Localización permanente Ubicación/localización actual Fecha de adquisición Información codificada de la localización en otra ubicación Número de inventario Total de préstamos Signatura topográfica completa Código de barras Fecha visto por última vez Número de copia Precio válido a partir de Tipo de ítem Koha Nota pública
    Dewey Decimal Classification   Préstamo 3 días   General Parasitologia Agricola Parasitologia Agricola 03/10/2007 PARA (PA_09182) (No. UACh C/E)   583.55 O7 4102000561 25/01/2022 Ej.1 25/01/2022 Libro 3